00459nam a2200145Ia 4500008004100000020001600041050002800057100002300085245005500108260004400163300002300207440003500230520001300265650003500278150610s9999 xx 000 0 und d a0 448089580 aPS3507b.I9274 H37 1979 aDixon, Franklin W. 4aThe sting of the scorpion /cby Franklin W. Dixon. aNew York : bGrosset & Dunlap,c1979. a180pages ;c20 cm. aHardy boy mystery stories ; 58 aFiction. xDetective and mystery stories.